Devinez la Capitale Mystère #41 - Statistiques

Statistiques générales
  • Ce quiz a été pris 170 fois
  • Le résultat moyen est 25 sur 33
Statistiques - réponses
Type de Réponse Réponse % Correct
Lettre Trouvée A
100%
Lettre Trouvée E
100%
Lettre Trouvée I
100%
Lettre de l'Alphabet N
100%
Lettre de l'Alphabet R
100%
Lettre de l'Alphabet L
99%
Lettre de l'Alphabet S
99%
Lettre de l'Alphabet M
98%
Lettre de l'Alphabet O
98%
Lettre de l'Alphabet D
96%
Lettre Trouvée T
96%
Lettre de l'Alphabet P
95%
Lettre de l'Alphabet B
94%
Lettre de l'Alphabet U
90%
Lettre Trouvée G
86%
Lettre de l'Alphabet C
84%
Lettre de l'Alphabet H
80%
Lettre de l'Alphabet K
80%
Lettre Bien Placée I
77%
Lettre de l'Alphabet V
76%
Lettre de l'Alphabet W
75%
Lettre Bien Placée A
72%
Lettre Bien Placée E
70%
Lettre de l'Alphabet Y
63%
Lettre de l'Alphabet J
58%
Lettre de l'Alphabet X
56%
Lettre de l'Alphabet Z
54%
Lettre Bien Placée T
48%
Lettre de l'Alphabet Q
45%
Lettre de l'Alphabet F
44%
Lettre Bien Placée G
39%
Lettre Bien Placée G
38%
Capitale Mystère Gitega
35%
Aucun quiz correspondant
Distribution des résultats
% des personnes avec chaque résultat
Percentile par nombre de réponses
Votre historique - résultats
Vous n’avez pas pris ce quiz